LEADER 01260nam a2200289 u 4500 001 000000068563 003 CaOOAMICUS 005 20070226121818.0 008 020313s1958 it u000 u ita u 035 $a10923673 040 $aPUL(R)$bita 100 1 $aLuzzatto, Gino,$d1878-1964.$0(OLS)http://pul/name/3500 245 10$aBreve storia economica dell'Italia medievale :$bdalla caduta dell'Impero romano al principio del Cinquecento /$cGino Luzzatto. 250 $a3. ed. 260 $aTorino :$bEinaudi,$cc1958. 300 $a223 p. ;$c18 cm 490 1 $aPiccola biblioteca Einaudi ;$v57 500 $aComprende indice. 504 $aBibliografia: p. [211]-218. 651 4$aItalia$xCondizioni economiche$yEvo medio.$0(OLS)http://pul/subject/24522 830 0$aPiccola biblioteca Einaudi ;$v57.$0(OLS)http://pul/title/8551 850 $aPUL 852 $aPUL$W1$xSL Filosofia 1$y2$m118 D 27$j88663$nBK-PRI$b $qStampati$B88663$CPULBib$Z2$F88663 $H $81 941 1 $a8 961 $aINV: 30984 996 $6245$aBreve storia economica dell'Italia medievale :$bdalla caduta dell'Impero romano al principio del Cinquecento$9(OLS)http://pul/title/90682 996 $6260$aTorino :$bEinaudi$9(OLS)http://pul/publisher/48130 LEADER 01943nam a2200373 a 4500 001 000000079882 003 CaOOAMICUS 005 20150622170519.0 008 040616s1980 gw u000 u lat r 035 $a10999714 040 $aPUL$bita 041 0 $alat$ager 082 04$a189 100 0 $aTheodoricus Teutonicus,$cO.P., maestro di Freiberg (Sassonia),$df. 1300.$0(OLS)http://pul/name/51521 240 10$aGruppi scelte$9(Theodoricus Teutonicus, O.P., Maestro di Freiberg (Sassonia), f. 1300).$0(OLS)http://pul/title/104636 245 10$aSchriften zur Metaphysik und Theologie /$cDietrich von Freiberg ; mit einer Einleitung von Kurt Flasch ; hrsg. von Ruedi Imbach ... [et al.]. 260 $aHamburg :$bMeiner,$c1980. 300 $axlviii, 403 p. ;$c24 cm 490 1 $aDietrich von Freiberg opera omnia ;$v2 490 1 $aCorpus philosophorum Teutonicorum medii aevi ;$v2.2 500 $aContiene indice. 504 $aBibliografia in nota. 650 4$aMetafisica.$0(OLS)http://pul/subject/433 650 4$aTeologia.$0(OLS)http://pul/subject/118 700 1 $aImbach, Ruedi,$d1946-$0(OLS)http://pul/name/584 700 1 $aFlasch, Kurt.$0(OLS)http://pul/name/3852 800 0 $aTheodoricus Teutonicus,$cO.P., maestro di Freiberg (Sassonia),$df. 1300.$tOpere$9(Theodoricus Teutonicus, O.P., Maestro di Freiberg (Sassonia), f. 1300) ;$v2.$0(OLS)http://pul/nameTitle/228$0(OLS)http://pul/name/53235$0(OLS)http://pul/title/104638 830 0$aCorpus philosophorum Teutonicorum medii aevi ;$v2.2.$0(OLS)http://pul/title/718 850 $aPUL 852 $aPUL$W1$xDP2 Filosofia 3$y112$m189 COLL 1.2$j102122$nBK-PRI$qDDC 21$B102122$CPULBib$Z2$F102122 $H91923 $82 941 1 $a9 996 $6082$a189$9(OLS)http://pul/classification/439 996 $6245$aSchriften zur Metaphysik und Theologie$9(OLS)http://pul/title/104637 996 $6260$aHamburg :$bMeiner$9(OLS)http://pul/publisher/48261